| 000 | 01745cam a2200385 i 4500 | ||
|---|---|---|---|
| 999 |
_c10356 _d10356 |
||
| 001 | 1845361 | ||
| 003 | OCoLC | ||
| 005 | 20210222172357.0 | ||
| 008 | 760106t19751975miu b 001 0 eng | ||
| 010 | _a 74025338 | ||
| 020 | _a0310280400 | ||
| 020 | _a9780310280408 | ||
| 035 | _a(OCoLC)1845361 | ||
| 040 |
_aDLC _beng _erda _cDLC _dBAKER _dLMR _dBTCTA _dAU@ _dOCLCO _dP4I _dOCLCQ _dMQP _dPB4 _dOCLCO _dOCLCF _dXZ9 _dSJG _dOCLCQ _dOCLCO _dURS _dPTS _dOCLCO _dCIRBC |
||
| 050 | 0 | 0 |
_aBS544 _bL818A |
| 082 | 0 | 0 |
_a231 _bL818A |
| 092 | 0 |
_a231.044 _bL818A |
|
| 100 | 1 |
_aLockyer, Herbert, _eauthor. |
|
| 245 | 1 | 0 |
_aAll the divine names and titles in the Bible : _ba unique classification of all scriptural designations of the three persons of the Trinity / _cby Herbert Lockyer. |
| 264 | 1 |
_aGrand Rapids : _bZondervan Pub. House, _c1975. |
|
| 264 | 4 | _c©1975 | |
| 300 |
_a360 pages ; _c25 cm |
||
| 336 |
_atext _btxt _2rdacontent |
||
| 337 |
_aunmediated _bn _2rdamedia |
||
| 338 |
_avolume _bnc _2rdacarrier |
||
| 490 | 1 | _a"All" series | |
| 504 | _aIncludes bibliographical references (pages 343-344) and indexes. | ||
| 505 | 0 | _aOne. The names and titles of God the father -- Two. The names and titles of God the son -- Three. The names and titles of God the spirit -- Actual names and titles -- Symbolic designations -- Appendices. The nobility of a name -- Qualifying attributes of Christ -- The value of book summary. | |
| 520 | _aChronicles God's revelation of himself by commenting on various appellations referring to him throughout the Bible. | ||
| 600 | 0 | 0 |
_aJesus Christ _xPerson and offices _xBiblical teaching. |
| 650 | 0 |
_aGod _xBiblical teaching. |
|
| 650 | 0 |
_aHoly Spirit _xBiblical teaching. |
|
| 830 | 0 | _aALL (Series) | |
| 942 |
_2ddc _cBK |
||